Loading...
| Philosophy | 0 | 4 | 0 | 1 | 40 | 110 | 113.25 | 0 | 0 | 4.00 | 16.94 |
| Social Science | 0 | 4 | 1 | 2 | 35 | 90 | 107.50 | 0 | 1 | 3.13 | 16.39 |
| Religion | 0 | 3 | 0 | 2 | 30 | 91 | 114.33 | 0 | 0 | 1.96 | 11.25 |
| Literature - European | 0 | 1 | 0 | 0 | 10 | 134 | 134.00 | 0 | 0 | 0.00 | 1.25 |
| Literature - World/Other | 0 | 1 | 0 | 0 | 10 | 121 | 121.00 | 0 | 0 | 1.92 | 2.78 |
| Mythology | 0 | 1 | 0 | 0 | 10 | 111 | 111.00 | 0 | 0 | 3.00 | 2.27 |
| Pop Culture | 0 | 1 | 0 | 0 | 10 | 80 | 80.00 | 0 | 0 | 19.92 | 27.78 |
| Fine Arts - Visual | 0 | 1 | 0 | 0 | 10 | 105 | 105.00 | 0 | 0 | 2.78 | 3.75 |
| Literature - American | 0 | 1 | 0 | 0 | 10 | 141 | 141.00 | 0 | 0 | 0.09 | 1.39 |
| Science - Biology | 0 | 1 | 0 | 0 | 10 | 87 | 87.00 | 0 | 0 | 3.80 | 7.50 |
| Science - Other | 0 | 1 | 0 | 0 | 10 | 100 | 100.00 | 0 | 0 | 2.88 | 5.68 |
| History - American | 0 | 0 | 0 | 0 | 0 | 0.00 | 0 | 0 | 0.00 | 0.00 |